| 000 | 01055 a2200277 4500 | ||
|---|---|---|---|
| 003 | Nust | ||
| 005 | 20230907130544.0 | ||
| 010 | _a 2008052001 | ||
| 020 | _c0849340632 (hardcover : alk. paper) | ||
| 020 | _c9780849340635 (hardcover : alk. paper) | ||
| 035 | _a(OCoLC)144565585 | ||
| 035 | _a(OCoLC)ocn144565585 | ||
| 040 | _cNust | ||
| 082 | 0 | 0 | _a629.832,BHA |
| 100 | 1 |
_aBhattacharyya, S. P. _999410 |
|
| 245 | 1 | 0 |
_aLinear control theory : _bstructure, robustness, and optimization / _cShankar P. Bhattacharyya, Aniruddha Datta, L.H. Keel. |
| 260 |
_aBoca Raton : _bCRC Press, _cc2009. |
||
| 300 |
_axviii, 911 p. : _bill. ; _c25 cm. |
||
| 490 | 1 |
_aAutomation and control engineering ; _v33 |
|
| 505 | _aThree Term Controllers (Page-1), Robust Parametric Control (Page-291), Optimal and Robust Control (Page-639), Epilogue (Page-867). | ||
| 650 | 0 | _aTelecommunication engineering | |
| 700 | 1 |
_aDatta, Aniruddha, _d1963- _999411 |
|
| 700 | 1 |
_aKeel, L. H. _999412 |
|
| 830 | 0 |
_aAutomation and control engineering ; _999413 |
|
| 942 |
_cREF _2ddc |
||
| 999 |
_c188413 _d188413 |
||